=LDR 00000nam 2200000 4500 =001 INLIS000000000024143 =005 20130612122740 =008 ***********************************Ind** =035 ##$$0010-061300000024143 =041 ##$$a Ind =082 ##$$a 420.76 =090 ##$$a 420.76, Pan p =100 ##$$a Pangesti, Sony =245 ##$$a Perang siasat bahasa inggris praktis, Kelas 1, 2 ,3 dan 3 SMU serta persiapan SPMb, Sony Pangesti =260 ##$$a 2003 $b Yogyakarta =300 ##$$a 144 hlm, 19 cm =650 ##$$a Praktis bahasa inggris =850 ##$$a NBPNMAT